Filosofía de la danza

Gorde:
Xehetasun bibliografikoak
Egile nagusia: Valéry, Paul (Egilea)
Formatua: Liburua
Hizkuntza:gaztelania
Argitaratua: Madrid Casimiro Libros 2016
Edizioa:1a. ed
Gaiak:
Etiketak: Etiketa erantsi
Etiketarik gabe, Izan zaitez lehena erregistro honi etiketa jartzen!

MARC

LEADER 00000cam a2200000 a 4500
001 UCD8564
003 CL-VaPUC
008 170519e20160000sp |||||||||||||||||spa|d
020 |a 9788416868056 
082 0 4 |a 194  |b VAL  |2 21 
100 0 |a Valéry, Paul  |e author  |9 320134 
245 1 0 |a Filosofía de la danza 
250 |a 1a. ed 
300 |a 77 p 
942 |c BK 
945 |d 20170519 15:42:00  |a dcastane 
260 |a Madrid  |b Casimiro Libros  |c 2016 
650 0 |a Filosofía francesa   |9 255698 
650 0 |a Filosofía del arte  |9 264951 
650 0 |a Danza  |9 328568 
650 0 |a Crítica e interpretación   |9 255042 
583 |a last modification  |c 20170519 15:42:00  |k Rodrigo Vera 
999 |c 367946  |d 367944 
952 |0 0  |1 0  |3 erb  |4 0  |6 194_000000000000000_VAL_2016  |7 0  |8 A  |9 483168  |a BIBART  |b BIBART  |i 5375991  |o 194 VAL 2016  |p 5375991  |r 2025-03-13  |w 2019-11-24  |y BK  |z Catalogado en:20170519  |k ART